Amortization and Depreciation of Property, Plant and Equipment in Practice
Oceňovanie dlhodobého hmotného majetku. Analýza ocenenia dlhodobého hmotného majetku na základe účtovných závierok podnikov pôsobiacich na Slovensku. Výsledky analýzy.
Guardado en:
| Autor principal: | |
|---|---|
| Formato: | Capítulo de libro |
| Lenguaje: | eslovaco |
| Materias: | |
| Etiquetas: |
Sin Etiquetas, Sea el primero en etiquetar este registro!
|
MARC
| LEADER | 00000naa$a2200000$$$4500 | ||
|---|---|---|---|
| 001 | 0258544 | ||
| 005 | 20240502074107.2 | ||
| 041 | 0 | |a slo | |
| 044 | |a SK | ||
| 245 | 1 | 0 | |a Amortization and Depreciation of Property, Plant and Equipment in Practice |c Milan Gedeon |
| 520 | |a Oceňovanie dlhodobého hmotného majetku. Analýza ocenenia dlhodobého hmotného majetku na základe účtovných závierok podnikov pôsobiacich na Slovensku. Výsledky analýzy. | ||
| 610 | 2 | 0 | |a majetok dlhodobý |
| 610 | 2 | 0 | |a oceňovanie |
| 610 | 2 | 0 | |a odpisy daňové |
| 610 | 2 | 0 | |a odpisy účtovné |
| 610 | 2 | 0 | |a závierka účtovná |
| 610 | 2 | 0 | |a podnik |
| 100 | 1 | |a Gedeon, Milan, 1993- | |